000 00453nam a2200157Ia 4500
008 240729s9999 xx 000 0 und d
022 _a2205-3212
245 0 _aInternational Review of Environmental History
260 _aAustralia
260 _bANU Press
650 _a Environmental sciences
650 _aGeography. Anthropology. Recreation
856 _uhttps://doaj.org/toc/6a28f6a689f34a628a561a8b2c202d55
942 _2ddc
942 _cDOAJEJ
999 _c70010
_d70010
945 _a1
_bMadushi Gamage
_c1
_dMadushi Gamage